Toto rameno hvězd /

Hlavní autor: Brunner, John, 1934-1995
Další autoři: Doležel, Pavel, 1939-
Jazyk: Čeština
Vydáno: Brno : Návrat, 1994
Edice: Sci-fi - Thriller - Fantasy
Témata:
Externí odkaz: Digitalizovaný dokument
Fyzický popis: 401 s.
Knihy
Uloženo v:
LEADER 01289nam a2200349 a 4500
001 000012378
003 CZ BrMZK
005 20251205105009.0
007 ta
008 940822s1994 xr g f cze d
015 |a cnb000088402 
020 |a 80-7174-972-9  |c 75.00 
040 |a BOA001  |b cze 
072 7 |a 821.111-3  |x Anglická próza, anglicky psaná  |2 Konspekt  |9 25 
080 |a 821.111-31  |2 MRF 
080 |a (0:82-311.9)  |2 MRF 
100 1 |a Brunner, John,  |d 1934-1995  |7 jn19990001161 
245 1 0 |a Toto rameno hvězd /  |c Z angl. orig. přel. Pavel Doležel 
260 |a Brno :  |b Návrat,  |c 1994 
300 |a 401 s. 
490 1 |a Sci-fi - Thriller - Fantasy ;  |v Sv. 10 
655 7 |a anglické romány  |7 fd131814  |2 czenas 
655 7 |a vědecko-fantastické romány  |7 fd133847  |2 czenas 
655 9 |a English fiction  |2 eczenas 
655 9 |a science fiction novels  |2 eczenas 
700 1 |a Doležel, Pavel,  |d 1939-  |7 mzk2006322936 
765 0 |t <<A >>Maze of Stars 
830 0 |a Sci-fi - Thriller - Fantasy  |0 s 
856 4 1 |u http://www.digitalniknihovna.cz/mzk/uuid/uuid:a9f342c0-b669-11e3-9d7d-005056827e51  |y Digitalizovaný dokument  |x NDK 
910 |a BOA001  |b 1-1002.634 
990 |a BK 
996 6 |b 2610013237  |c 1-1002.634  |l MZK  |r Sklad / do 1 hodiny  |n 7  |p p.v.  |w 000012378  |u 000010  |a 1  |e BOA001  |j MZK50  |s P